LEADER 01000nam a2200253 u 4500 001 000000047587 003 CaOOAMICUS 005 20070226114912.0 008 991201s1999 it u000 u ita u 020 $a8881145316 035 $a10836685 040 $aPUL$bita 100 1 $aComposta, Dario,$cS.D.B.$0(OLS)http://pul/name/2295 245 10$aIntersoggettività e Morale /$cDario Composta. 260 $aNapoli :$bEdizioni scientifiche italiane,$c1999. 300 $a114 p. ;$c24 cm 500 $aContiene a note a piè pagina. 650 4$aMorale e sociologia.$0(OLS)http://pul/subject/20048 850 $aPUL 852 $aPUL$W1$xDP1 Filosofia 1$y19$m586 E 52$j63566$nBK-PRI$b $qStampati$B63566$CPULBib$Z2$F63566 $H $81 941 1 $a8 996 $6020$a8881145316$9(OLS)http://pul/number/59490 996 $6245$aIntersoggettività e Morale$9(OLS)http://pul/title/64075 996 $6260$aNapoli :$bEdizioni scientifiche italiane$9(OLS)http://pul/publisher/48388 LEADER 01594nam a2200349 a 4500 001 000000158093 003 CaOOAMICUS 005 20170123170650.0 008 170123s2016 it u001 u ita r 020 $a978-88-215-9898-2* 032 $aLibriCat 040 $aPUL$bita 082 14$a220.6 100 1 $aGrilli, Massimo.$0(OLS)http://pul/name/79542 245 10$aComunicazione e pragmatica nell'esegesi biblica / $cMassimo Grilli, Maurizio Guidi, El?bieta M. Obara . 260 $aCinisello Balsamo :$bSan Paolo,$c©2016$aRoma :$bGregorian & Biblical Press,$c©2016. 300 $a262 p. ;$c23 cm. 490 1 $aLectio ;$v10 504 $aBibliografia p. [240]-252 e indici. 650 4$aEsegesi biblica.$0(OLS)http://pul/subject/8707 700 1 $aGuidi, Maurizio,$co.f.m.cap.,$d1971-$0(OLS)http://pul/name/84257 700 1 $aObara, Elzbieta M.$0(OLS)http://pul/name/78217 830 0$aLectio (San Paolo e Gregorian & Biblical Press) ;$v10.$0(OLS)http://pul/title/188510 850 $aPUL 852 $aPUL$W1$xSL Religione 3$y85$m220. 6 GRIMA 1$j181420$qDDC 21$B184561$CPULBib$Z2$F184561 $H128691 $81 941 1 $a9 996 $6020$a978-88-215-9898-2*$9(OLS)http://pul/number/161859 996 $6082$a220.6$9(OLS)http://pul/classification/388 996 $6245$aComunicazione e pragmatica nell'esegesi biblica / $9(OLS)http://pul/title/197701 996 $6260$aCinisello Balsamo :$bSan Paolo$9(OLS)http://pul/publisher/54577 996 $6260$aRoma :$bGregorian & Biblical Press$9(OLS)http://pul/publisher/81048